Blink: The Power of Thinking without Thinking (Record no. 1096375)

MARC details
000 -LEADER
fixed length control field 00384nam a2200133Ia 4500
008 - FIXED-LENGTH DATA ELEMENTS--GENERAL INFORMATION
fixed length control field 231228s2006 xx 000 0 und d
041 ## - LANGUAGE CODE
Language code of text/sound track or separate title eng
082 ## - DEWEY DECIMAL CLASSIFICATION NUMBER
Classification number 153.4
Item number GLA
100 ## - MAIN ENTRY--PERSONAL NAME
Personal name GLADWELL (Malcolm)
245 ## - TITLE STATEMENT
Title Blink: The Power of Thinking without Thinking
250 ## - EDITION STATEMENT
Edition statement 1st
260 ## - PUBLICATION, DISTRIBUTION, ETC.
Place of publication, distribution, etc. New Delhi
Name of publisher, distributor, etc. Penguin Books India Pvt. Ltd. New Delhi , London
Date of publication, distribution, etc. 2006
300 ## - PHYSICAL DESCRIPTION
Extent viii, 296

No items available.